K prosperite cez kvalitné služby Slovo má riaditeľ závodu technický servis Ing. Juraj Palko

Bibliographic Details
Main Author: Palko, Juraj (Author)
Corporate Author: Servis VSŽ, Košice (Author)
Format: Article
Language:Slovak
Subjects:

MARC

LEADER 00000nab a2200000 a 4500
001 vtls000916790
003 SK-MaSNL
005 20260302173645.0
008 040720e19920506xo 0 slo
035 |a KE25670 
040 |a KEVKJB  |b slo  |c KEVKJB  |e AACR2 
041 0 |a slo 
044 |a xo  |c SK 
080 |a 669.1  |2 1981 
100 1 |a Palko, Juraj  |4 aut  |9 881887 
245 1 0 |a K prosperite cez kvalitné služby  |b Slovo má riaditeľ závodu technický servis Ing. Juraj Palko 
610 2 7 |a Servis VSŽ, Košice  |2 KEVKJB  |9 881888 
650 0 7 |a služby poskytované  |2 KEVKJB  |9 881085 
650 0 7 |a rozhovory  |2 KEVKJB  |9 453585 
651 7 |a KE,  |2 KEVKJB  |9 877256 
655 7 |a periodikum  |2 snkbucl  |9 29553 
710 2 |a Servis VSŽ, Košice  |4 aut  |9 881888 
773 0 8 |t Oceľ východu  |g Roč. 32  |g Roč. 28, č.18, 6.5.1992, s. 3 
852 |a ZVYKNI  |b KIS3GCP 
999 |c 1402016  |d 1403946